|
|
|
|
| LEADER |
01185nam a22002898a 4500 |
| 001 |
c000161140 |
| 003 |
CARM |
| 005 |
19990922000000.0 |
| 008 |
880126s1988 wb 100 0 eng |
| 010 |
|
|
|a 88002031
|
| 019 |
1 |
|
|a 12650874
|z 5729750
|5 LACONCORD2021
|
| 035 |
|
|
|a (OCoLC)17481917
|5 LACONCORD2021
|
| 040 |
|
|
|a DLC
|b eng
|c DLC
|d DLC
|d LC
|
| 050 |
0 |
0 |
|a QA75.5
|b .S958 1988
|
| 082 |
0 |
0 |
|a 004
|2 19
|
| 082 |
0 |
4 |
|a 004
|2 19
|
| 111 |
2 |
|
|a Symposium on Theoretical Aspects of Computer Science
|n (5th :,
|d 1988 :
|c Bordeaux, France)
|
| 245 |
1 |
0 |
|a STACS 88 :
|b 5th Annual Symposium on Theoretical Aspects of Computer Science, Bordeaux, France, February 11-13, 1988, proceedings /
|c R. Cori, M. Wirsing, eds.
|
| 260 |
|
|
|a Berlin ;
|a New York :
|b Springer-Verlag,
|c c1988.
|
| 300 |
|
|
|a p. cm.
|
| 440 |
|
0 |
|a Lecture notes in computer science ;
|v 294.
|
| 650 |
|
0 |
|a Computer science
|x Congresses.
|
| 700 |
1 |
|
|a Cori, Robert.
|
| 700 |
1 |
|
|a Wirsing, M.
|q (Martin)
|
| 852 |
8 |
|
|b CARM
|h A2:AL20E0
|i C05353
|p 0212423
|f BK
|
| 999 |
f |
f |
|i fb1d7f40-13fd-5a7a-bcdc-f165f0a5269d
|s 8f8c9601-6c6a-5c9b-8a7b-ecd15ce45bd8
|
| 952 |
f |
f |
|p Can circulate
|a CAVAL
|b CAVAL
|c CAVAL
|d CARM 1 Store
|e C05353
|f A2:AL20E0
|h Other scheme
|i book
|m 0212423
|